[Event "2nd IMSA Basque 2017-Men"]
[Site "Huaian"]
[Date "2017.12.14"]
[Round "3"]
[White "Harikrishna, P."]
[Black "Grischuk, Alexander"]
[Result "1/2-1/2"]
[WhiteElo "2744"]
[BlackElo "2772"]
[Annotator "TA"]
[PlyCount "98"]
[EventDate "2017.??.??"]
[EventType "tourn"]
[EventCountry "CHN"]
[SourceTitle "playchess.com"]
[Source "ChessBase"]
[SourceQuality "1"]

{[%evp 25,98,8,10,15,7,13,16,16,20,22,22,11,12,20,18,16,19,8,8,8,8,8,8,6,7,0,2,0,0,0,0,0,0,0,0,0,0,0,0,0,0,0,0,0,0,0,0,0,0,0,0,0,0,0,0,0,0,0,0,0,0,2,3,3,3,3,3,3,3,3,3,0,3,0,3]} 1. e4 e5 2. Nf3 Nc6 3. Bb5 Nf6 4. O-O Nxe4 5. Re1 Nd6 {[%cal Be4d6,Bd6e8,Be8c7][%mdl 32]} 6. Nxe5 Be7 7. Bf1 Nxe5 8. Rxe5 O-O 9. Nc3 {C67: Ruy Lopez: Berlin Defence: 4 0-0 Nxe4} Ne8 10. Nd5 Bd6 11. Re1 c6 12. Ne3 Be7 13. c4 Nc7 {LiveBook: 24 Games. The position is equal.} 14. d4 d5 15. cxd5 Bb4 16. Bd2 Bxd2 17. Qxd2 {With the idea dxc6.} Nxd5 18. Nxd5 Qxd5 19. Re5 $146 Qd6 20. Bc4 Bd7 21. Rae1 b5 22. Bb3 a5 23. a3 a4 24. Ba2 Rae8 25. Qc3 (25. h4 {feels hotter.} Rxe5 26. Rxe5 Qf6 27. g3 Re8 28. Rxe8+ Bxe8 29. b3) 25... Rxe5 26. Rxe5 Re8 27. Rxe8+ Bxe8 28. h3 h6 29. Bb1 Qe6 30. Qe3 Bd7 31. Qxe6 Bxe6 $11 {[%mdl 4096] Endgame KB-KB} 32. Be4 Bd7 33. h4 Kf8 34. f4 Ke7 35. Kf2 Kd6 36. Ke3 f6 37. g3 Be6 38. Bd3 Bd5 39. Kd2 Kc7 40. Kc3 Kb6 41. Kb4 Bf3 42. Bc2 Bd5 43. Bd1 Be4 44. b3 axb3 45. Bxb3 Bf3 46. Bc2 Bd5 47. Bd1 Be4 48. Bb3 Bf3 49. Bc2 Bd5 {Precision: White = 93%, Black = 96%.} 1/2-1/2

[Event "2nd IMSA Basque 2017-Men"]
[Site "Huaian"]
[Date "2017.12.14"]
[Round "3"]
[White "Le, Quang Liem"]
[Black "Mamedov, Rauf"]
[Result "0-1"]
[WhiteElo "2737"]
[BlackElo "2709"]
[Annotator "TA"]
[PlyCount "118"]
[EventDate "2017.??.??"]
[EventType "tourn"]
[EventCountry "CHN"]
[SourceTitle "playchess.com"]
[Source "ChessBase"]
[SourceQuality "1"]

{[%evp 22,118,43,45,65,66,67,56,58,35,91,77,75,75,91,114,87,107,117,80,151,135,169,169,175,180,356,326,302,248,957,934,922,916,825,389,355,-62,-63,-158,0,-140,0,-145,0,-121,-43,-49,-47,-45,-46,-48,-42,-69,-57,-105,-84,-92,-80,-156,-143,-150,-122,-144,-137,-304,-314,-302,-305,-404,-393,-491,-465,-727,-677,-854,-864,-6713,-6231,-5285,-2800,-29966,-29968,-29983,-29984,-29983,-29984,-29983,-1623,-29987,-29986,-29981,-6128,-4775,-4131,-29982,-29971,-29982,-29983]} 1. d4 d5 2. c4 c6 3. Nc3 Nf6 4. e3 Bf5 5. Nf3 e6 6. Nh4 Be4 7. f3 Bg6 8. Qb3 Qc7 9. Bd2 {D12: Slav Defence: 3 Nf3 Nf6 4 e3 Bf5} Be7 (9... a6 10. Rc1 dxc4 11. Bxc4 Nbd7 12. a4 Be7 13. g3 Bh5 14. O-O O-O 15. Ng2 Rad8 16. Nf4 Kh8 {½-½ (34) So,W (2822)-Caruana,F (2817) chess.com INT 2017}) 10. g3 Nbd7 11. cxd5 exd5 12. O-O-O {LiveBook: 4 Games} a5 $146 ({Predecessor:} 12... O-O 13. Nxg6 hxg6 14. Kb1 a5 15. Qc2 c5 16. g4 cxd4 17. exd4 {1-0 (39) Piket,J (2659)-Van Wely,L (2697) Monte Carlo 2002}) 13. Nxg6 hxg6 14. Qc2 a4 15. e4 {[%cal Be3e4,Be4e5][%mdl 32]} a3 (15... Qb6 $14) 16. e5 $1 $16 axb2+ 17. Kb1 $1 Ng8 {[#]} 18. Nxd5 $1 {[%mdl 512]} Qd8 (18... cxd5 19. Qxc7) 19. Ne3 Nb6 20. Bc4 Nh6 (20... Qxd4 $142 21. Qxb2 Qxb2+ 22. Kxb2 Ba3+ 23. Kc3 Na4+ 24. Kc2 Nb2) 21. Bb3 (21. Qxb2 Nf5 $15) 21... Qxd4 22. e6 $1 (22. Qxb2 Nf5 $11) 22... f5 23. Ng2 (23. Qxb2 $6 Qxb2+ 24. Kxb2 Ng8 $14) 23... Qf2 $2 (23... Qc5 24. Qxc5 (24. Qxb2 Bf6 $14) 24... Bxc5) 24. Nf4 $18 Ng8 25. Nxg6 Rxh2 $2 (25... Rh5 26. Nxe7 (26. Qxb2 Bf6 $16) 26... Nxe7 27. Qxb2 Rh7) 26. Rxh2 Qxh2 27. Qxf5 {Qf7+ would kill now.} O-O-O 28. Qf7 (28. Ba5 $142 {White wants to mate with Rxd8+.} Rxd1+ 29. Bxd1) 28... Qe2 {[#]} 29. Nf4 $2 ({Inferior is} 29. Nxe7+ Nxe7 30. Qf4 (30. Qxe7 Nc4 $11) 30... Rd3 $11) (29. Qxe7 $1 $18 {[%mdl 512]} Nxe7 30. Nxe7+ Kb8 31. Bf4+ Ka7 32. Rxd8) 29... Qxf3 $15 {aiming for ...Nc4!} 30. Ng6 (30. Qh5 $1 $15 Qxg3 31. Ng6) 30... Qe2 $2 {[#]} (30... Qd3+ $17 31. Bc2 Qe2 32. Nxe7+ Nxe7 33. Qxe7 Nc4) 31. Nf4 ({Much worse is} 31. Nxe7+ Nxe7 32. Qf4 Nbd5 $17) (31. Qxe7 $1 $11 {[%mdl 512]} Nxe7 32. Nxe7+ Kb8 33. Bf4+ Ka7 34. Rxd8) 31... Qf3 {Hoping for ...Nc4!} 32. Ng6 $1 Qe2 {[#]} (32... Qd3+ $17 33. Bc2 Qe2 34. Nxe7+ Nxe7 35. Qxe7 Nc4) 33. Nf4 {[#]} ({Much weaker is} 33. Nxe7+ Nxe7 34. Qf4 Nbd5 $17) (33. Qxe7 $1 $11 {[%mdl 512] keeps the balance.} Nxe7 34. Nxe7+ Kb8 35. Bf4+ Ka7 36. Rxd8) 33... Qg4 ({Better is} 33... Qe4+ $1 $17 34. Bc2 Qe5) 34. Qg6 Qf3 35. Qc2 Qxg3 36. Ng6 Qg2 37. a4 Nd5 38. Ba5 Qxc2+ 39. Bxc2 Bf6 40. Rh1 (40. Bxd8 $142 Nc3+ 41. Kxb2 Nxd1+ 42. Kb3 Bxd8 43. Bxd1) 40... b6 $17 41. Bd2 Nge7 42. Nxe7+ Nxe7 43. Be3 $2 (43. Bb4 $17) 43... Nd5 $19 44. Bd2 Kc7 45. a5 Ra8 46. Be4 bxa5 47. Bxd5 (47. Re1 $142) 47... cxd5 {[%mdl 4096] Endgame KRB-KRB} 48. Bf4+ Kc6 49. Rh2 a4 {[%cal Ba5a4,Ba4a3][%mdl 32]} 50. Rc2+ Kb5 51. Bd6 Rh8 52. Bh2 a3 53. Ka2 Rh3 54. Re2 Be7 (54... Kc4 $142 55. Rc2+ Rc3 56. e7 Bxe7 57. Rf2 Rc1 58. Rxb2 axb2 59. Kxb2 Rh1 60. Be5 d4 61. Bxd4 Rh2+ 62. Kc1 Kxd4 63. Kd1 g5 64. Kc1 Kd3 65. Kb1 Bf6 66. Kc1 Rh1#) 55. Rg2 Rd3 56. Rg1 Rd2 (56... g5 $142 57. Rb1 Kc4 58. Bg1 d4 59. Bh2 Rc3 60. Be5 Rc1 61. Rxb2 axb2 62. Kxb2 Re1 63. Bg3 Rf1 64. Be5 d3 65. Bc3 Bf6 66. Bxf6 d2 67. Bxg5 d1=Q 68. Bc1 Qxc1+ 69. Ka2 Rf2#) 57. Be5 g5 58. Rf1 Re2 59. Bd4 Kc4 {Precision: White = 43%, Black = 50%.} 0-1

[Event "2nd IMSA Basque 2017-Men"]
[Site "Huaian"]
[Date "2017.12.14"]
[Round "3"]
[White "Ivanchuk, Vassily"]
[Black "Korobov, Anton"]
[Result "1/2-1/2"]
[WhiteElo "2726"]
[BlackElo "2652"]
[Annotator "TA"]
[PlyCount "92"]
[EventDate "2017.??.??"]
[EventType "tourn"]
[EventCountry "CHN"]
[SourceTitle "playchess.com"]
[Source "ChessBase"]
[SourceQuality "1"]

{[%evp 19,92,33,26,16,12,24,16,6,23,0,12,22,48,47,77,52,51,0,0,-14,-6,-7,0,-18,-10,-28,-31,-33,-31,-55,-21,-22,-14,-83,-44,-43,-40,-58,-46,-60,-57,-45,-43,-54,-21,-47,-14,-93,-60,-84,0,0,2,2,2,2,2,2,2,2,2,2,2,2,2,0,0,0,0,0,0,0,0,0,0]} 1. e4 c5 2. Nf3 d6 3. d4 cxd4 4. Nxd4 Nf6 5. f3 e5 6. Nb3 Be7 {[%cal Bf8e7,Be7d8,Bd8b6,Bb6e3][%mdl 32]} 7. c4 a5 8. Be3 {B55: Sicilian: 2...d6 3 d4 cxd4 4 Nxd4 Nf6 5 f3} a4 9. N3d2 (9. Nc1 O-O 10. Nc3 Qa5 11. Qd2 Na6 12. Be2 Nc5 13. O-O Bd7 14. Rb1 Rfc8 15. b4 axb3 16. axb3 {1-0 (50) Carlsen,M (2853)-Karjakin,S (2772) New York 2016}) 9... O-O 10. Nc3 Qa5 {LiveBook: 29 Games} 11. Bd3 Bd8 $146 ({Predecessor:} 11... a3 12. b4 Qxb4 13. Nd5 Nxd5 14. cxd5 Nd7 15. Rb1 Qc3 {½-½ (53) Mastrovasilis,D (2621)-Naiditsch,A (2712) Warsaw 2011}) 12. Qe2 Bb6 13. O-O Nc6 14. Kh1 Be6 15. Nd5 Bxd5 16. cxd5 Bxe3 17. Nc4 Qa7 18. dxc6 (18. Qxe3 $14 Qxe3 19. Nxe3) 18... Bc5 $11 19. cxb7 Qxb7 20. Rab1 h5 21. f4 Qe7 22. b4 axb3 23. axb3 Rab8 24. g3 Rfe8 25. fxe5 $1 dxe5 26. Bc2 (26. Nd2 $11 {remains equal.}) 26... Qe6 27. Rf5 Bd4 28. Rbf1 Ra8 29. Bd3 Ra1 30. Rxa1 Bxa1 31. Nd2 Rd8 32. Bc4 Qd6 33. Nf1 (33. Rf2 $11) 33... Qc6 {Hoping for ...g6.} 34. Qf3 Rd6 (34... Bd4 $17 {White must now prevent ...Rd7.} 35. Ne3 Bxe3 36. Qxe3 Rd1+ 37. Kg2 Qd7) 35. Ne3 {The position is equal.} g6 36. Nd5 $1 {[%cal Rd5f6]} Kg7 $1 $132 {[%mdl 2048] Black is not keeping still} 37. Rxf6 Rxf6 38. Nxf6 Qxf6 39. Qxf6+ Kxf6 {[%mdl 4096] Endgame KB-KB} 40. b4 Bd4 41. Kg2 Ke7 42. h3 f5 43. Kf3 Kf6 44. Bd3 Bb6 45. b5 Bd4 46. Bc2 Bb6 {Precision: White = 42%, Black = 50%.} 1/2-1/2

[Event "2nd IMSA Basque 2017-Men"]
[Site "Huaian"]
[Date "2017.12.14"]
[Round "3"]
[White "Andreikin, Dmitry"]
[Black "Artemiev, Vladislav"]
[Result "1-0"]
[WhiteElo "2712"]
[BlackElo "2691"]
[Annotator "TA"]
[PlyCount "89"]
[EventDate "2017.??.??"]
[EventType "tourn"]
[EventCountry "CHN"]
[SourceTitle "playchess.com"]
[Source "ChessBase"]
[SourceQuality "1"]

{[%evp 12,89,9,10,24,8,4,4,8,0,10,7,9,12,0,0,1,0,16,16,16,15,19,15,19,11,7,3,0,0,61,13,53,50,46,62,97,50,108,86,91,34,108,88,95,70,103,85,156,139,203,137,209,209,154,186,395,395,394,388,349,327,358,310,587,271,29974,29975,29975,29976,29966,5414,29977,29978,29977,29977,29977,29978,29993,29994]} 1. d4 Nf6 2. Bg5 g6 3. Bxf6 exf6 4. c4 d5 5. cxd5 Qxd5 6. e3 {A45: Trompowsky Attack} ({Predecessor:} 6. Nc3 Qd8 7. g3 c6 8. Bg2 f5 9. e3 Bd6 10. Nge2 O-O 11. O-O Nd7 12. a3 {½-½ (40) Shimanov,A (2643)-Demchenko,A (2613) Vladivostok 2014}) 6... Qd8 7. Nc3 {LiveBook: 3 Games} Bd6 $146 (7... c6 8. Bc4 Bd6 9. Nf3 O-O 10. O-O Nd7 11. a3 f5 12. b4 {0-1 (36) Andreikin,D (2743)-Grischuk,A (2747) ICC INT 2016}) 8. g3 {White has an edge.} O-O 9. Bg2 Nd7 10. Nge2 f5 11. O-O Nf6 12. a3 c6 13. b4 {[%cal Bb2b4,Bb4b5][%mdl 32]} Qe7 14. b5 c5 15. dxc5 Bxc5 16. Nf4 Be6 17. Nxe6 fxe6 18. Qb3 Kg7 19. a4 Rad8 20. a5 Bb4 (20... e5 $11) 21. Rfb1 Bxc3 22. Qxc3 e5 23. b6 a6 24. Ra4 {[%cal Ba1a4,Ba4c4,Bc4c7][%mdl 32]} e4 ({Better is} 24... Rc8 $14 25. Rc4 Rxc4 26. Qxc4 Rd8) 25. Rc4 $16 Rd3 26. Qa1 ({White should try} 26. Qb2 $16) 26... Rfd8 (26... Qa3 $1 $14) 27. Rc7 R3d7 28. Rbc1 Kh6 29. Bf1 Ng4 (29... g5 $142) 30. R1c5 Qd6 (30... Nf6 $16 {is a better defense.}) 31. Be2 $18 Nf6 (31... Qd2 $16 32. Rc2 (32. Bxg4 fxg4 33. h3 Rf8 $16) 32... Qd6) 32. Rxd7 Rxd7 {[#]} 33. Rc7 $1 Ne8 $2 (33... g5 34. Qd4 Qe7) 34. Rxd7 Qxd7 35. Qe5 Qd2 36. Bf1 ({Weaker is} 36. Qxe8 Qxe2 37. Qf8+ Kh5 $14) 36... Qd7 37. h4 Nd6 $2 (37... Qd8 38. Kg2 Nd6) 38. Kg2 (38. Qf6 $142 {Strongly threatening Qf8+.} Nf7 39. Kg2) 38... Nb5 $2 (38... Qd8 $18 39. Be2 Qf8) 39. Bxb5 axb5 {[%mdl 4096] Endgame [#] KQ-KQ} 40. a6 $1 {[%mdl 512]} bxa6 41. Qc7 Qd1 42. b7 {White mates.} Qf3+ 43. Kg1 Qd1+ 44. Kh2 Qe2 45. Qf4+ {Precision: White = 72%, Black = 37%.} 1-0

[Event "2nd IMSA Basque 2017-Men"]
[Site "Huaian"]
[Date "2017.12.14"]
[Round "3"]
[White "Mamedov, Rauf"]
[Black "Le, Quang Liem"]
[Result "1-0"]
[WhiteElo "2709"]
[BlackElo "2737"]
[Annotator "TA"]
[PlyCount "155"]
[EventDate "2017.??.??"]
[EventType "tourn"]
[EventCountry "CHN"]
[SourceTitle "playchess.com"]
[Source "ChessBase"]
[SourceQuality "1"]

{[%evp 18,155,45,41,76,66,75,76,56,31,51,56,54,44,54,61,77,34,58,27,18,20,20,20,37,37,28,21,33,15,4,2,21,11,25,32,39,13,118,121,212,214,214,198,202,214,211,201,195,201,171,170,310,313,307,285,297,248,227,265,267,268,283,234,327,307,325,325,322,316,306,306,283,245,485,351,482,319,825,828,770,720,769,737,710,632,1238,1136,1867,1851,1807,1637,1503,1804,29976,29976,29977,29978,29978,29978,29983,29984,29984,29985,29985,29986,29986,29987,29988,29987,29987,29988,29987,29988,29989,29988,29988,29988,29988,29989,29989,29990,29990,29991,29991,29991,29991,29992,29991,29992,29992,29993,29994,29993,29993,29994,29994,29993,29993,29993]} 1. e4 e5 2. Nf3 Nc6 3. Bc4 Bc5 4. c3 Nf6 5. d3 O-O 6. a4 {C54: Giuoco Piano: 4 c3 Nf6, main lines with 5 d4 and 5 d3} a6 7. O-O d5 8. exd5 Nxd5 9. a5 (9. Re1 Bg4 10. h3 Bh5 11. Nbd2 f6 12. Ne4 Bb6 13. Be3 Kh8 14. Bxb6 Nxb6 15. Bb3 Nd5 {½-½ (29) Vachier Lagrave,M (2794)-Leko,P (2679) Germany 2017}) 9... Bg4 10. Nbd2 {LiveBook: 3 Games} Nde7 $146 ({Predecessor:} 10... Nf6 11. Re1 Qd7 12. h3 Bh5 13. Qb3 Bd6 14. Ng5 Kh8 15. Nf1 h6 {½-½ (28) Kadric,D (2583)-Nguyen,N (2633) Baku 2016}) 11. Ne4 Bd6 12. h3 Bh5 13. Ng3 Bg6 14. Qb3 Qd7 15. Re1 h6 16. Ne4 Kh8 17. Be3 Nf5 18. Nc5 Bxc5 $1 19. Bxc5 Rfe8 $1 20. Bd5 Rab8 21. Be4 f6 22. Qc2 Nfe7 23. d4 (23. Bxe7 {keeps more tension.} Bxe4 24. dxe4 Nxe7 25. Qb3 Qb5 26. Qxb5 axb5 27. Red1) 23... Bxe4 24. Rxe4 {[%cal Rd4e5]} exd4 25. Nxd4 Nxd4 26. Rxd4 Qc6 27. Ba3 Nd5 (27... Qb5 $11) 28. Rad1 $36 {[%mdl 2048] White is really pushing.} Re5 (28... Ne7 $16 {was called for.} 29. c4 b5) 29. Qd3 $1 $18 {[%cal Rd4d5]} Ne7 {[#]} 30. f4 $1 Re6 {[#]} 31. Rc4 $1 {[%cal Rc4c6]} Qb5 32. Rxc7 Re1+ 33. Kh2 {Hoping for Qxb5.} ({And not} 33. Rxe1 Qxd3 34. Rexe7 Qd2 $11) 33... Rxd1 34. Qxd1 Nf5 (34... Nd5 {might work better.} 35. Rc5 Ne3 36. Rxb5 Nxd1) 35. c4 Qe8 36. Qd3 Qe6 37. Qd5 Qxd5 38. cxd5 {[%mdl 4096] Endgame Strongly threatening d6. KRB-KRN} Rd8 39. g4 Nd6 40. Bc5 Kg8 41. b4 Ne4 42. d6 ({Not} 42. Rxb7 Rxd5 43. Rb6 Nxc5 $18) 42... Nxd6 43. Bxd6 Rxd6 44. Rxb7 {KR-KR} Rd4 45. f5 Rd3 $2 (45... Kh7 46. Kg3 h5 47. gxh5 Rd3+ 48. Kg4 Rd4+ 49. Kf3 Kh6) 46. Rb6 Rb3 47. h4 {[%cal Bh3h4,Bh4h5][%mdl 32]} Kh7 $2 (47... Kf8 48. Rb7 Ra3) 48. h5 Kg8 49. Kg2 Kh7 50. Kf2 Kg8 51. Ke2 Kh7 52. Kd2 Rg3 53. Rxa6 Rxg4 54. Rb6 Rg5 55. a6 Rxf5 56. a7 {White mates.} Rf2+ 57. Ke3 Ra2 58. Rb7 f5 59. b5 {[%cal Bb4b5,Bb5b6][%mdl 32]} Ra4 60. b6 f4+ 61. Kf3 Ra3+ 62. Kxf4 Ra4+ 63. Ke3 Ra3+ 64. Kd4 Ra4+ 65. Kc3 Ra3+ 66. Kb2 Ra5 67. Rb8 Rb5+ 68. Kc3 Rc5+ 69. Kb4 Rxh5 70. a8=Q Rh4+ 71. Kc3 Rh3+ 72. Kd2 Rh2+ 73. Ke3 Rh3+ 74. Kf2 Rh4 75. Rh8+ Kg6 76. Qe8+ Kg5 77. b7 Rf4+ 78. Ke3 {Precision: White = 76%, Black = 46%.} 1-0

[Event "2nd IMSA Basque 2017-Men"]
[Site "Huaian"]
[Date "2017.12.14"]
[Round "3"]
[White "Wang, Hao"]
[Black "Ding, Liren"]
[Result "0-1"]
[WhiteElo "2709"]
[BlackElo "2777"]
[Annotator "TA"]
[PlyCount "91"]
[EventDate "2017.??.??"]
[EventType "tourn"]
[EventCountry "CHN"]
[SourceTitle "playchess.com"]
[Source "ChessBase"]
[SourceQuality "1"]

{[%evp 25,91,22,28,0,116,35,100,-54,24,-13,0,-202,-195,-187,-186,-273,-255,-295,-287,-325,-160,-158,-151,-139,-133,-130,-114,-127,-110,-225,-218,-219,-219,-218,-214,-222,-218,-216,-226,-216,-228,-213,-214,-228,-216,-214,-216,-331,-330,-317,-301,-321,-304,-429,-406,-606,-608,-608,-608,-567,-567,-495,-494,-1299,-1197,-1284,-1193,-584]} 1. d4 Nf6 2. c4 e6 3. Nf3 d5 4. Nc3 c6 5. e3 Nbd7 6. Bd3 dxc4 7. Bxc4 b5 8. Bd3 Bb7 9. O-O a6 10. e4 c5 11. d5 Qc7 12. dxe6 fxe6 13. Ng5 {D48: Semi-Slav: Meran System: 7...b5 8 Bd3 a6} (13. Bc2 Bd6 14. Ng5 Nf8 15. f4 O-O-O 16. Qe1 e5 17. f5 h6 18. Nf3 N8d7 19. Kh1 Rhe8 20. Bd2 Qc6 21. Rd1 Nb6 22. Nd5 Nbxd5 23. exd5 Qd7 24. Ba5 e4 25. Ng1 Bc7 26. d6 Bxa5 27. Qxa5 e3 28. Ne2 Qc6 {0-1 (28) Vachier Lagrave,M (2723)-Topalov,V (2798) Stavanger 2015}) 13... Qc6 $1 {LiveBook: 18 Games} 14. Be2 Rd8 (14... Be7 $11) 15. a4 $146 (15. Qd3 $1 $16) ({Predecessor:} 15. f4 c4 16. Bf3 Qb6+ 17. Kh1 Ne5 18. Nd5 Nxf3 19. Nxb6 Rxd1 20. Rxd1 Nxg5 21. fxg5 {½-½ (53) Savina,A (2258)-Bagrationi,A (2370) Serpukhov 2009}) 15... b4 (15... c4 $1 $14) 16. Nb1 $2 (16. Nb5 $1 $16) 16... Ne5 ({Better is} 16... h6 $1 $15 17. Bh5+ g6 $1 {[%mdl 512]} 18. Bxg6+ Ke7) 17. Nd2 h6 {[%cal Bh7h6,Bh6g5][%mdl 32]} 18. f4 $2 (18. Ngf3 $11 Bd6 19. Qb3 Nxf3+ 20. Bxf3) 18... hxg5 $19 19. fxe5 Qc7 $36 {[%mdl 2048] Black has strong initiative.} 20. Qb3 (20. Qe1 {might work better.}) 20... Qxe5 21. Nf3 Qxe4 22. Bc4 {aiming for Re1.} Bd5 (22... Bd6 $19 {and Black stays clearly on top. ( -> ...Bxh2+)} 23. h3 Bd5 24. Bxd5 Qxd5 25. Qxd5 exd5 26. Bxg5 Kf7 27. Bxf6 gxf6 28. Ng5+ Kg6) 23. Bxd5 $17 Qxd5 ({Stronger than} 23... Nxd5 24. Re1 $11) 24. Qc2 Qd3 25. Qxd3 Rxd3 26. Bxg5 c4 27. Rae1 (27. Rfc1 $17 c3 28. bxc3 Rxc3 29. Bd2 Bc5+ 30. Kf1 Rxc1+ 31. Rxc1) 27... Bc5+ $19 28. Kh1 Ng4 $1 {Hoping for ...Rxf3!} 29. h3 {[#]} ({Don't play} 29. Rxe6+ Kd7) 29... Nf2+ $1 30. Kh2 {[#]} Bd6+ $1 31. Kg1 {[#]} Rxf3 $1 {[%mdl 512]} 32. Rxf2 {[#]} (32. gxf3 Nxh3+) 32... Bh2+ $1 {[%mdl 512]} 33. Kf1 (33. Kxh2 Rxf2) 33... Rxf2+ 34. Kxf2 {[%mdl 4096] Endgame KRB-KRB} Rf8+ 35. Ke2 Bg3 36. Rc1 (36. Rb1 $142) 36... Rf2+ 37. Ke3 Rxb2 38. Rxc4 b3 {[%cal Bb4b3,Bb3b2][%mdl 32]} 39. Rc6 (39. Bf4 $142 Bxf4+ 40. Rxf4) 39... Rxg2 {Threatens to win with ...b2.} 40. Bf4 (40. Kf3 $142 b2 41. Rxe6+ Kf7 42. Re7+ Kg6 43. Rb7) 40... b2 {Black is clearly winning.} 41. Rc8+ Kf7 42. Rb8 Bxf4+ 43. Kxf4 a5 44. h4 (44. Kf3 $142 Rh2 45. Kf4) 44... Kf6 45. Rb6 g6 46. Ke4 {Precision: White = 32%, Black = 65%.} 0-1

[Event "2nd IMSA Basque 2017-Men"]
[Site "Huaian"]
[Date "2017.12.14"]
[Round "3"]
[White "Artemiev, Vladislav"]
[Black "Andreikin, Dmitry"]
[Result "0-1"]
[WhiteElo "2691"]
[BlackElo "2712"]
[Annotator "TA"]
[PlyCount "86"]
[EventDate "2017.??.??"]
[EventType "tourn"]
[EventCountry "CHN"]
[SourceTitle "playchess.com"]
[Source "ChessBase"]
[SourceQuality "1"]

{[%evp 15,86,7,11,-13,-6,-15,0,0,0,-6,0,0,5,0,29,0,0,0,28,0,81,69,79,26,77,77,90,83,82,46,43,13,24,-11,-7,-11,-8,-10,-11,-6,-8,-14,4,-22,8,18,11,-316,-331,-301,-319,-308,-203,-201,-196,-176,-147,-324,-312,-378,-366,-490,-473,-460,-475,-629,-629,-594,-591,-29987,-29988,-29996,-29997]} 1. d4 d5 2. Nf3 Nf6 3. c3 g6 4. Bf4 Bg7 5. e3 O-O 6. Be2 c5 7. O-O Nc6 {D02: Damenbauernspiele} 8. Nbd2 (8. Ne5 Qb6 9. Qb3 Nxe5 10. Bxe5 Nd7 11. Bxg7 Kxg7 12. Nd2 Nf6 13. Qa3 cxd4 14. cxd4 Bd7 15. Rac1 Rfc8 16. Nf3 Bg4 17. h3 {½-½ (17) Berkes,F (2648)-Yu,Y (2738) Moscow 2017}) 8... Nh5 {LiveBook: 3 Partien} 9. Bg5 h6 {Die Stellung ist ausgeglichen.} 10. Bh4 cxd4 11. Nxd4 Nf6 12. f4 $146 ({Vorgänger:} 12. Bg3 Re8 13. Nxc6 bxc6 14. Be5 {1-0 (56) Herzog,A (2350)-Schlosser,M (2340) Austria 1991}) 12... Qb6 13. Qb3 Qc5 14. Rae1 Re8 15. Bf3 {Droht stark Lxf6.} e6 16. Kh1 Nd7 17. Bf2 Nxd4 (17... Rd8 $11) 18. exd4 $16 ({Ein No Go ist} 18. cxd4 $6 Qa5 $11) 18... Qf8 19. Be2 (19. g4 $16) 19... f5 (19... b6 $11 {bleibt in der Remisbreite.}) 20. Nf3 Nf6 21. Ne5 Kh7 22. Bh4 Ne4 23. Qa4 {Und weiter mit Lb5 wäre nett.} Bxe5 24. fxe5 {Und Lb5 würde nun gewinnen.} Qf7 25. Bd3 g5 26. Bf2 {[%cal Bh4f2,Bf2e3,Be3c1][%mdl 32]} Bd7 27. Qc2 Bc6 28. Be3 Qh5 $36 {[%mdl 2048] Schwarz hat gut koordiniertes Spiel.} 29. Rf3 f4 {[%cal Bf5f4,Bf4f3][%mdl 32]} 30. Bc1 Kg7 31. c4 $2 {[%mdl 8192]} (31. Kg1 $11) 31... Ng3+ $1 $19 32. Kg1 dxc4 33. hxg3 {[#] zielt auf Le4 ab.} cxd3 34. Rxd3 f3 35. d5 Bxd5 36. Rxd5 $2 (36. gxf3 $17 {ist der einzige Weg für Weiss..} Rac8 37. Qg2) 36... exd5 37. e6 Rac8 38. Qb3 Rf8 {[#] ( -> ...f2+)} 39. Be3 fxg2 {[%csl Gg2][%cal Rh5h1]} 40. Bd4+ Kg8 {[%csl Gg2][%cal Rh5h1]} 41. Kxg2 {beabsichtigt e7.} g4 42. Be5 Rf3 43. Qxd5 Rc2+ {Precision: Weiß = 34%, Schwarz = 65%.} 0-1

[Event "2nd IMSA Basque 2017-Men"]
[Site "Huaian"]
[Date "2017.12.14"]
[Round "3"]
[White "Korobov, Anton"]
[Black "Ivanchuk, Vassily"]
[Result "1-0"]
[WhiteElo "2652"]
[BlackElo "2726"]
[Annotator "TA"]
[PlyCount "89"]
[EventDate "2017.??.??"]
[EventType "tourn"]
[EventCountry "CHN"]
[SourceTitle "playchess.com"]
[Source "ChessBase"]
[SourceQuality "1"]

{[%evp 27,89,0,0,0,25,28,21,18,39,10,11,18,51,53,63,27,65,41,60,51,58,41,54,0,0,0,0,0,0,0,0,0,0,0,15,0,0,8,6,0,0,-91,-108,-557,-155,-423,-255,-250,-245,-242,-225,-227,-66,-147,-40,-40,-45,-43,0,0,0,0,328,323]} 1. d4 Nf6 2. Nf3 g6 3. c4 Bg7 4. Nc3 d5 5. cxd5 Nxd5 6. e4 Nxc3 7. bxc3 c5 8. Be3 Qa5 9. Qd2 Nc6 10. Rc1 cxd4 11. cxd4 Qxd2+ 12. Kxd2 O-O 13. Bb5 f5 14. exf5 Bxf5 15. Ke2 {[#] D85: Exchange Grünfeld: Unusual White 7th moves and lines with 7 Nf3} Rad8 $146 {[%cal Rg7d4]} ({Predecessor:} 15... Be6 16. Bc4 Bxc4+ 17. Rxc4 Rad8 18. Rb1 Rd7 19. Rb5 Rfd8 20. g3 a6 {½-½ (20) Kozul,Z (2593)-Erdos,V (2624) Sarajevo 2012}) 16. Bxc6 bxc6 17. Rxc6 {The position is equal.} Be4 18. Re6 (18. Rc7 {seems wilder.} e5 19. Nxe5 Bxg2 20. Rhc1 a5 21. R1c5) 18... Bxf3+ $1 19. gxf3 Bf6 20. Rc1 Rd7 21. Rc4 Rb8 22. a4 Kf7 23. Rec6 Rb2+ 24. Kd3 Ra2 25. Ke4 (25. Ra6 $14) 25... Bh4 $11 26. Rc8 Bxf2 27. Bh6 Re2+ 28. Kd3 Re1 {Black wants to play ...Bxd4!} 29. Rf8+ Ke6 30. Bd2 Rh1 31. Ke4 Rxh2 32. Bb4 Rb7 $1 33. d5+ Kd7 34. d6 (34. Kd3 $11 {remains equal.} Bg3 35. f4) 34... exd6 $17 35. Rf6 $2 {[%mdl 8192]} (35. Rf7+ $17 Ke6 36. Rxb7 d5+ 37. Kd3 dxc4+ 38. Kxc4) 35... Ke7 $2 (35... Rh4+ $19 {and Black stays clearly on top.} 36. f4 Rxb4 $1 {[%mdl 512]} 37. Rxb4 Ke7) 36. Rf4 $2 (36. Bxd6+ $17 {is the only way for White.} Kxf6 37. Be5+ Kg5 38. Bxh2) 36... Rh5 {...a5 is the strong threat.} 37. Kd3 Re5 38. Bc3 Re6 39. Rc8 h5 $2 (39... Re3+ $19 40. Kc4 Kd7) 40. Rcf8 {[#]} ({White should play} 40. Rg8 $15 Kd7 41. Re4 Rxe4 42. fxe4) 40... Re3+ (40... Kd7 $1 $17 41. Re4 h4) 41. Kc2 $15 Ke6 {aiming for ...Rc7.} 42. R8f6+ Kd5 {White must now prevent ...Bg3.} 43. Rd4+ Kc5 {( -> ...Rxc3+!)} 44. Rdxd6 {White threatens Rc6+ and mate.} Re2+ $2 {[%mdl 8192]} (44... Rc7 $1 $11) 45. Kd1 {Precision: White = 52%, Black = 34%.} 1-0